Countries by Ruler - Statistics

General Stats
  • This quiz has been taken 16 times
  • The average score is 16 of 20
Answer Stats
Ruler Country/Empire % Correct
3) Caesar, Caligula, Augustus Roman
100%
10) Catherine II, Peter, Nicholas II Russia
100%
5) Shi Huang, Han Wudi, Wu Zetian China
94%
4) Cleopatra, Tutankhamun, Ramses Egypt
94%
9) Hirohito, Meiji, Akihito Japan
94%
1) Genghis, Kublai, Ögödei Mongolia
94%
17) Isabella of Castile, Ferdinand of Aragon Spain
94%
16) Victoria, Elizabeth I, Elizabeth II United Kingdom
94%
2) Montezuma II, Itzcoatl, Ahuitzotl Aztec
81%
13) Alexander, Leonidas, Philip II Greece
81%
12) Attila, Rua, Balamber Hun
81%
8) Atahualpa, Manco Capac, Pachacuti Inca
81%
18) Ashoka, Maharaja Porus, Chandragupta India
81%
19) Osman I, Suleiman, Orchan Ottoman
81%
7) Xerxes, Cyrus, Darius I Persia
81%
11) Urban, Clement, Innocent Vatican
81%
6) Hannibal, Mago I, Hasdrubal Carthage
69%
20) Nebuchadnezzar II, Hammurabi, Nabonidus Babylon
63%
15) Clovis I, Chlothar I, Childeric II Frank
44%
14) Jayavarman II, Indravarman Khmer
19%
No matching quizzes found
Score Distribution
Percent of People with Each Score
Percentile by Number Answered
Your Score History
You have not taken this quiz